[Event "Ch JBLN West 1992/93"]
[Site "masterchessopen.com Germany"]
[Round "0"]
[White "Wiebe Patrick (GER)"]
[Black "Hauke Christian (GER)"]
[Result "1-0"]
[WhiteElo "2198"]
[BlackElo "2197"]

1.d4 e6 2.Nf3 Nf6 3.c4 Bb4+ 4.Bd2 Bxd2+ 5.Nbxd2 d5 6.g3 O-O 7.Bg2 Nbd7 8.O-O
c5 9.cxd5 Nxd5 10.Rc1 cxd4 11.Nxd4 N5b6 12.Ne4 e5 13.Nb3 Qe7 14.Nbc5 Rd8
15.Qb3 Rb8 16.Rfd1 Nf6 17.Rxd8+ Qxd8 18.Rd1 Qe7 19.Nd6 h6 20.Nxc8 Nxc8 21.Na6
{#r} 1-0

[Event "It (open)"]
[Site "masterchessopen.com Goch (Germany)"]
[Round "4"]
[White "Kistella Roman (GER)"]
[Black "Podzielny Karl-Heinz (GER)"]
[Result "0-1"]
[WhiteElo "2352"]
[BlackElo "2450"]

1.d4 Nf6 2.c4 e6 3.Nf3 Bb4+ 4.Bd2 a5 5.g3 d6 6.Bg2 Nbd7 7.O-O e5 8.Bg5 exd4
9.Nxd4 h6 10.Bc1 O-O 11.a3 Bc5 12.b3 Re8 13.Nc3 Ne5 14.h3 Bd7 15.a4 c6 16.e4
Bxh3 {#R} 0-1

[Event "It (open)"]
[Site "masterchessopen.com Massy (France)"]
[Round "6"]
[White "Pommier Eugene (FRA)"]
[Black "Mancini Xavier (FRA)"]
[Result "0-1"]
[WhiteElo "1500"]
[BlackElo "2140"]

1.d4 Nf6 2.Nf3 e6 3.c4 Bb4+ 4.Bd2 Qe7 5.a3 Bxd2+ 6.Nbxd2 a5 7.g3 Nc6 8.Bg2 a4
9.O-O d6 10.Rc1 O-O 11.e3 e5 12.d5 Nb8 13.Ne1 e4 14.Rc3 Nbd7 15.Qc2 Nc5 16.f3
exf3 17.Nexf3 Re8 18.Ng5 h6 19.Rxf6 Qxf6 20.Nge4 Nxe4 21.Bxe4 Bh3 22.Nf3 Re7
23.Qf2 Rxe4 {#R} 0-1

[Event "It (active)"]
[Site "masterchessopen.com Oviedo (Spain)"]
[Round "0"]
[White "Bass Leonid (USA)"]
[Black "Salov Valery (RUS)"]
[Result "0-1"]
[WhiteElo "2500"]
[BlackElo "2685"]

1.d4 Nf6 2.c4 e6 3.Nf3 Bb4+ 4.Bd2 Qe7 5.g3 Nc6 6.Bg2 Bxd2+ 7.Nbxd2 d6 8.O-O e5
9.d5 Nb8 10.e4 a5 11.Ne1 O-O 12.Nd3 Na6 13.b3 Nb4 14.Nb2 Bg4 15.f3 Bd7 16.a3
Na6 17.Nd3 c6 18.dxc6 bxc6 19.f4 Bg4 20.Qe1 Qa7+ 21.Rf2 Qd4 22.Bf1 exf4
23.gxf4 Rae8 24.c5 {#R} 0-1

[Event "Ch Switzerland (team)"]
[Site "masterchessopen.com Switzerland"]
[Round "0"]
[White "Begovac Franja (CRO)"]
[Black "Trepp Markus (SUI)"]
[Result "1-0"]
[WhiteElo "2379"]
[BlackElo "2375"]

1.d4 Nf6 2.c4 e6 3.Nf3 Bb4+ 4.Nbd2 c5 5.a3 Bxd2+ 6.Qxd2 O-O 7.dxc5 a5 8.Qf4
Na6 9.Be3 a4 10.O-O-O Ne8 11.g4 Qe7 12.Qd4 b6 13.cxb6 d6 14.Qd3 e5 15.Ng5 g6
16.Bg2 Rb8 17.Ne4 Bb7 18.Rhg1 Bxe4 19.Bxe4 Nf6 20.Bc6 Qe6 21.Bb5 Qc8 22.Qxd6
Ne4 23.b7 {#r} 1-0

[Event "Ch Europe (juniors) (under 16)"]
[Site "masterchessopen.com Szombathely (Hungary)"]
[Round "0"]
[White "Kempinski Robert (POL)"]
[Black "Kovacs Gabor M (HUN)"]
[Result "1-0"]
[WhiteElo "2340"]
[BlackElo "2232"]

1.Nf3 Nf6 2.c4 e6 3.d4 Bb4+ 4.Bd2 a5 5.Nc3 O-O 6.Qc2 d5 7.e3 b6 8.cxd5 exd5
9.Be2 Bb7 10.O-O Be7 11.Rac1 Nbd7 12.Rfd1 Ne4 13.Nxe4 dxe4 14.Ne5 Nxe5 15.dxe5
c5 16.Bxa5 Qc7 17.Bc3 Rxa2 18.Bc4 Ra7 19.e6 Bc6 20.exf7+ Kh8 21.Qe2 Bd6
22.Bxg7+ Kxg7 23.Qg4+ {#r} 1-0

[Event "It (open)"]
[Site "masterchessopen.com Neuchatel (Switzerland)"]
[Round "0"]
[White "Adianto Utut (INA)"]
[Black "Jankovskis Guntis (LAT)"]
[Result "1-0"]
[WhiteElo "2510"]
[BlackElo "2334"]

1.d4 e6 2.c4 Nf6 3.Nf3 Bb4+ 4.Nbd2 O-O 5.a3 Be7 6.e4 d5 7.e5 Ne4 8.Bd3 Nxd2
9.Bxd2 dxc4 10.Bxc4 b6 11.Bd3 Bb7 12.Qc2 h6 13.Rd1 Nd7 14.Bh7+ Kh8 15.Be4 Qc8
16.h4 Bxe4 17.Qxe4 f6 18.Bxh6 {#r} 1-0

[Event "It (open)"]
[Site "masterchessopen.com Andorra"]
[Round "7"]
[White "Monell Camarasa David (AND)"]
[Black "Komljenovic Davor (CRO)"]
[Result "0-1"]
[WhiteElo "2212"]
[BlackElo "2465"]

1.d4 Nf6 2.c4 e6 3.Nf3 Bb4+ 4.Bd2 c5 5.Bxb4 cxb4 6.Nbd2 O-O 7.e4 d6 8.Qc2 Qc7
9.Rc1 b6 10.Bd3 e5 11.c5 bxc5 12.dxe5 dxe5 13.Qxc5 Qxc5 14.Rxc5 Nbd7 15.Ra5
Bb7 16.Nxe5 Nxe5 17.Rxe5 Rad8 18.Bc4 Rd4 19.Re7 Nxe4 20.Rxb7 Nxd2 21.Bb5 Rfd8
22.Ke2 Re4+ 23.Kd1 Nc4+ 24.Kc1 Rd6 {#R} 0-1

[Event "It (cat.10)"]
[Site "masterchessopen.com Biel (Switzerland)"]
[Round "4"]
[White "Cramling Pia (SWE)"]
[Black "Masserey Yvan (SUI)"]
[Result "1-0"]
[WhiteElo "2525"]
[BlackElo "2300"]

1.d4 Nf6 2.Nf3 e6 3.c4 Bb4+ 4.Nbd2 c5 5.a3 Bxd2+ 6.Bxd2 cxd4 7.Nxd4 Ne4 8.Be3
b6 9.f3 Nc5 10.Nb5 O-O 11.Bf4 a6 12.Nc3 Nc6 13.e3 Nb7 14.Be2 d6 15.O-O e5
16.Bg3 Be6 17.b4 Ne7 18.e4 a5 19.Bf2 axb4 20.axb4 Nc6 21.Nd5 Rxa1 22.Qxa1 b5
23.Qa6 {#r} 1-0

[Event "It (w)"]
[Site "masterchessopen.com Budapest (Hungary)"]
[Round "3"]
[White "Bielicki Birke (GER)"]
[Black "Csoke Adrienn (HUN)"]
[Result "1-0"]
[WhiteElo "2183"]
[BlackElo "2097"]

1.d4 Nf6 2.c4 e6 3.Nf3 Bb4+ 4.Bd2 a5 5.g3 O-O 6.Bg2 d6 7.O-O Bxd2 8.Qxd2 Ne4
9.Qc2 f5 10.Nc3 Nxc3 11.Qxc3 Nd7 12.Rad1 Qe8 13.Ng5 h6 14.Nxe6 Nf6 15.Nxc7
Qxe2 16.Nxa8 Ne4 17.Qf3 Qxb2 18.Qb3 Qe2 19.Bf3 a4 20.Bxe2 axb3 21.axb3 f4
22.Bf3 Ng5 23.Bd5+ Kh8 24.h4 {#r} 1-0

[Event "It"]
[Site "masterchessopen.com Ceuta (Spain)"]
[Round "5"]
[White "Barrio Julian (ESP)"]
[Black "Garcia Palermo Carlos (ITA)"]
[Result "0-1"]
[WhiteElo "2126"]
[BlackElo "2490"]

1.d4 Nf6 2.c4 e6 3.Nf3 Bb4+ 4.Bd2 Qe7 5.g3 Nc6 6.Bg2 Bxd2+ 7.Qxd2 Ne4 8.Qc2
Qb4+ 9.Nbd2 Nxd2 10.Qxd2 Qxc4 11.O-O Qb4 12.Rfd1 Qxd2 13.Rxd2 d5 14.Rc1 a5
15.e3 Bd7 16.Bf1 Ke7 17.Ne1 Rhc8 18.a3 a4 19.Nd3 Na5 20.Rc3 Bb5 21.Rdc2 Bc4
22.Nc5 b5 23.Bxc4 dxc4 24.Rd2 Rd8 {#R} 0-1

[Event "It (open)"]
[Site "masterchessopen.com Chania (Greece)"]
[Round "8"]
[White "Peek Marcel (NED)"]
[Black "Rytshagov Mikhail (EST)"]
[Result "0-1"]
[WhiteElo "2320"]
[BlackElo "2460"]

1.d4 Nf6 2.c4 e6 3.Nf3 Bb4+ 4.Nbd2 b6 5.a3 Bxd2+ 6.Bxd2 Bb7 7.Bg5 d6 8.e3 Nbd7
9.Bh4 Qe7 10.Rc1 a5 11.Bd3 e5 12.Bc2 exd4 13.Qxd4 O-O 14.O-O Bxf3 15.gxf3 Qe6
16.Qf4 g6 17.Bxf6 Nxf6 18.Ba4 c5 19.Rfd1 Rad8 20.Rd3 d5 21.cxd5 Nxd5 22.Qg5
Nf4 23.Rxd8 Ne2+ {#R} 0-1

[Event "It (open)"]
[Site "masterchessopen.com Copenhagen (Denmark)"]
[Round "1"]
[White "Auchenberg Per (DEN)"]
[Black "Ksieski Zbigniew (POL)"]
[Result "0-1"]
[WhiteElo "2133"]
[BlackElo "2355"]

1.d4 Nf6 2.c4 e6 3.Nf3 Bb4+ 4.Nbd2 O-O 5.a3 Be7 6.e4 d5 7.e5 Nfd7 8.cxd5 exd5
9.b4 f6 10.Bd3 fxe5 11.dxe5 a5 12.Qc2 axb4 13.Bxh7+ Kh8 14.O-O Nc6 15.Re1 Nc5
16.Bg6 Ne6 17.Nb3 bxa3 18.Qd1 Nf4 19.Nh4 Bxh4 20.Bxf4 Bxf2+ 21.Kh1 Qh4 22.g3
Qh3 23.Qxd5 Be6 24.Qf3 Bxe1 {#R} 0-1

[Event "Czech League 1994/95 (2nd) (b)"]
[Site "masterchessopen.com Czech Republic"]
[Round "4"]
[White "Meszaros Ludek (CZE)"]
[Black "Reischig Tomas (CZE)"]
[Result "1-0"]
[WhiteElo "2158"]
[BlackElo "2083"]

1.d4 Nf6 2.c4 e6 3.Nf3 Bb4+ 4.Bd2 a5 5.g3 d6 6.Bg2 Nbd7 7.O-O e5 8.Bg5 exd4
9.Nxd4 O-O 10.a3 Bc5 11.Nc2 Nb6 12.Nd2 h6 13.Bxf6 Qxf6 14.b4 Bd4 15.Ne4 Bxa1
16.Nxf6+ Bxf6 17.Ne3 axb4 18.axb4 Rd8 19.Qc2 c6 20.b5 Be6 21.bxc6 bxc6 22.Rb1
Bd4 23.Nf5 {#r} 1-0

[Event "It (open)"]
[Site "masterchessopen.com Groningen (Netherlands)"]
[Round "9"]
[White "Douven Rudy C (NED)"]
[Black "Skripchenko Almira (FRA)"]
[Result "1-0"]
[WhiteElo "2400"]
[BlackElo "2270"]

1.d4 Nf6 2.c4 e6 3.Nf3 Bb4+ 4.Bd2 Qe7 5.g3 Nc6 6.Nc3 d5 7.Bg2 O-O 8.O-O a5
9.a3 Bxc3 10.Bxc3 Ne4 11.Nd2 Nxd2 12.Qxd2 Rd8 13.e4 dxe4 14.Bxe4 a4 15.Rfe1
Qd7 16.d5 Ne7 17.Qg5 Ng6 18.dxe6 fxe6 19.Bxg6 hxg6 20.Rxe6 {#r} 1-0

[Event "Ch Hungary (team) 1993/94"]
[Site "masterchessopen.com Hungary"]
[Round "0"]
[White "Farago Ivan (HUN)"]
[Black "Horvath Tamas I (HUN)"]
[Result "1-0"]
[WhiteElo "2510"]
[BlackElo "2318"]

1.d4 Nf6 2.c4 e6 3.Nf3 Bb4+ 4.Bd2 Qe7 5.g3 Nc6 6.Nc3 Bxc3 7.Bxc3 Ne4 8.Rc1 O-O
9.Bg2 d6 10.d5 Nd8 11.O-O Nxc3 12.Rxc3 a5 13.Nd2 e5 14.c5 b6 15.cxb6 cxb6
16.Qb3 Nb7 17.Qxb6 Nc5 18.Ne4 Ra6 19.Qb5 Nxe4 20.Bxe4 {#r} 1-0

[Event "Ch World (juniors) (under 20)"]
[Site "masterchessopen.com Matinhos (Brazil)"]
[Round "0"]
[White "Russo Guilherme Matheus (BRA)"]
[Black "Tanaka Yuuki (JPN)"]
[Result "1-0"]
[WhiteElo "2050"]
[BlackElo "2225"]

1.d4 Nf6 2.c4 e6 3.Nf3 Bb4+ 4.Bd2 Bxd2+ 5.Qxd2 O-O 6.Nc3 b6 7.e4 Bb7 8.Bd3 d6
9.O-O c5 10.dxc5 dxc5 11.Rad1 Qe7 12.e5 Nfd7 13.Qf4 Na6 14.Ne4 f6 15.Qh4 Rad8
16.Nd6 g5 17.Qxh7+ Qxh7 18.Bxh7+ Kxh7 19.Nxb7 {#r} 1-0

[Event "Ch Yugoslavia (open)"]
[Site "masterchessopen.com Nis (Yugoslavia)"]
[Round "4"]
[White "Nestorovic Dejan (SRB)"]
[Black "Raicevic Ivica (SRB)"]
[Result "1-0"]
[WhiteElo "2365"]
[BlackElo "2282"]

1.d4 e6 2.Nf3 Nf6 3.c4 Bb4+ 4.Nbd2 O-O 5.a3 Be7 6.e4 d5 7.e5 Nfd7 8.b4 c6
9.Bd3 Re8 10.h4 Nf8 11.Qc2 f5 12.g4 fxg4 13.Ng5 g6 14.Rg1 h6 15.Nh7 Nxh7
16.Bxg6 Kh8 17.Bxh7 Bxh4 18.Rxg4 Rf8 19.Nf3 Rxf3 20.Qg6 Bxf2+ 21.Ke2 Qf8
22.Bxh6 Re3+ 23.Bxe3 Bxe3 {#r} 1-0

[Event "It (open)"]
[Site "masterchessopen.com Polanica Zdroj (Poland)"]
[Round "0"]
[White "Ryskin Alexander (BLR)"]
[Black "Dziadykiewicz Tadeusz (POL)"]
[Result "1-0"]
[WhiteElo "2515"]
[BlackElo "2025"]

1.d4 Nf6 2.c4 e6 3.Nf3 Bb4+ 4.Bd2 Qe7 5.g3 Ne4 6.Bg2 c6 7.O-O Nxd2 8.Nfxd2 e5
9.a3 Ba5 10.d5 d6 11.dxc6 bxc6 12.Qa4 Qc7 13.Ne4 Bb6 14.Rd1 Bc5 15.Nxc5 dxc5
16.Nd2 O-O 17.Nb3 Qb6 18.Rd6 {#r} 1-0

[Event "It (cat.4) \"]
[Site "masterchessopen.com Prague (Czech Republic)"]
[Round "0"]
[White "Orsag Milan (CZE)"]
[Black "Znamenacek Kvetoslav (CZE)"]
[Result "1-0"]
[WhiteElo "2405"]
[BlackElo "2260"]

1.d4 Nf6 2.c4 e6 3.Nf3 Bb4+ 4.Nbd2 d5 5.a3 Be7 6.Qc2 O-O 7.e4 dxe4 8.Nxe4 Nxe4
9.Qxe4 Nd7 10.Bd3 Nf6 11.Qh4 b6 12.Bg5 g6 13.O-O-O Bb7 14.d5 exd5 15.Rhe1 h6
16.Qxh6 Ng4 17.Qh4 Bxg5+ 18.Nxg5 Nf6 19.Qh6 Qd6 20.Re3 Qf4 21.Bxg6 fxg6
22.Qxg6+ Kh8 23.Rd4 {#r} 1-0

[Event "Slovak League (1st) 1994/95"]
[Site "masterchessopen.com Slovakia"]
[Round "4"]
[White "Tibensky Robert (SVK)"]
[Black "Mihalik Marek (SVK)"]
[Result "1-0"]
[WhiteElo "2440"]
[BlackElo "2026"]

1.d4 Nf6 2.c4 e6 3.Nf3 Bb4+ 4.Nbd2 O-O 5.e3 d5 6.b3 c6 7.Bd3 Nbd7 8.O-O Bd6
9.Bb2 Qc7 10.Re1 e5 11.cxd5 Nxd5 12.dxe5 Nxe5 13.Nxe5 Bxe5 14.Bxh7+ Kxh7
15.Qh5+ Kg8 16.Bxe5 Qe7 17.e4 Nb6 18.Bxg7 Kxg7 19.Re3 Kf6 20.Qh6+ Ke5 21.Nf3#
1-0

[Event "Ch Bulgaria"]
[Site "masterchessopen.com Sofia (Bulgaria)"]
[Round "3"]
[White "Genov Petar (BUL)"]
[Black "Dobrev Nanko (BUL)"]
[Result "0-1"]
[WhiteElo "2445"]
[BlackElo "2345"]

1.d4 Nf6 2.c4 e6 3.Nf3 Bb4+ 4.Bd2 Qe7 5.g3 Nc6 6.Bg2 Bxd2+ 7.Nbxd2 d6 8.O-O a5
9.Rc1 O-O 10.c5 dxc5 11.dxc5 e5 12.Nc4 Rd8 13.Qa4 e4 14.Nfd2 Rd5 15.Rfd1 Nd4
16.Bf1 Rxc5 17.Nxe4 Qxe4 18.f3 Qc6 {#R} 0-1

[Event "Verbandsliga Baden South 1993/94"]
[Site "masterchessopen.com Germany"]
[Date "1994.02.06"]
[Round "6"]
[White "Tschann Stephan (GER)"]
[Black "Ernst Rolf (GER)"]
[Result "1-0"]
[WhiteElo "2211"]
[BlackElo "2188"]

1.d4 Nf6 2.c4 e6 3.Nf3 Bb4+ 4.Bd2 c5 5.Bxb4 cxb4 6.Nbd2 d5 7.e3 Nc6 8.Bd3 O-O
9.O-O b6 10.Ne5 Nxe5 11.dxe5 Nd7 12.cxd5 exd5 13.f4 Nc5 14.Nf3 Qe7 15.Bc2 Rd8
16.Nd4 Qe8 17.Qh5 g6 18.Qh4 Ne6 19.f5 Nxd4 20.exd4 Ba6 21.Rf3 Rac8 22.e6 fxe6
23.fxg6 hxg6 24.Rh3 Kf8 {#r} 1-0

[Event "It"]
[Site "masterchessopen.com Bekescsaba (Hungary)"]
[Round "11"]
[White "Berebora Ferenc (HUN)"]
[Black "Pacal Mihaly (SRB)"]
[Result "1-0"]
[WhiteElo "2400"]
[BlackElo "2121"]

1.d4 Nf6 2.c4 e6 3.Nf3 Bb4+ 4.Bd2 Qe7 5.g3 Nc6 6.Nc3 O-O 7.Bg2 d6 8.d5 Nb8
9.dxe6 fxe6 10.O-O Nc6 11.Ne1 Bxc3 12.Bxc3 e5 13.Nc2 Qf7 14.Ne3 Be6 15.Nd5
Rac8 16.e4 Qg6 17.Qd3 Qh5 18.f3 Rf7 19.b4 Bh3 20.Rad1 Re8 21.Qe3 a6 22.Nxf6+
gxf6 23.g4 Qh4 24.Be1 {#r} 1-0

[Event "It (open)"]
[Site "masterchessopen.com Budapest (Hungary)"]
[Round "0"]
[White "Lehmann Zoltan (HUN)"]
[Black "Szabo Zsolt (HUN)"]
[Result "1-0"]
[WhiteElo "2335"]
[BlackElo "2355"]

1.d4 Nf6 2.c4 e6 3.Nf3 Bb4+ 4.Bd2 Qe7 5.g3 O-O 6.Bg2 d5 7.O-O Bxd2 8.Nbxd2
Nbd7 9.Qc2 b6 10.cxd5 exd5 11.Rfe1 Qd6 12.Rac1 c5 13.dxc5 Nxc5 14.Nd4 Bb7
15.Nf5 Qd7 16.Nf3 {#r} 1-0

[Event "Memorial Bela Papp"]
[Site "masterchessopen.com Budapest (Hungary)"]
[Round "0"]
[White "Czebe Attila (HUN)"]
[Black "Kovacs G_ (HUN)"]
[Result "1-0"]
[WhiteElo "2340"]
[BlackElo "2255"]

1.d4 Nf6 2.c4 e6 3.Nf3 Bb4+ 4.Bd2 a5 5.Nc3 b6 6.Bg5 h6 7.Bh4 Ba6 8.e3 d5 9.Ne5
Be7 10.Qa4+ Kf8 11.Be2 Ne4 12.Bxe7+ Qxe7 13.cxd5 Nxc3 14.bxc3 exd5 15.Bh5 g6
16.Bxg6 f6 17.Nd3 Qd7 18.Qxd7 Nxd7 19.Nf4 c6 20.Bf5 Ke8 21.e4 Bc4 22.exd5 cxd5
23.Be6 Rc8 24.Bxd5 {#r} 1-0

[Event "It (open)"]
[Site "masterchessopen.com Cappelle la Grande (France)"]
[Round "3"]
[White "Mandel Andreas (GER)"]
[Black "Van Beers Eddy (BEL)"]
[Result "1-0"]
[WhiteElo "2365"]
[BlackElo "2195"]

1.d4 Nf6 2.Nf3 e6 3.c4 Bb4+ 4.Bd2 c5 5.g3 Qb6 6.Bg2 Nc6 7.d5 exd5 8.cxd5 Nxd5
9.O-O Nce7 10.e4 Nf6 11.e5 Nfd5 12.a3 Bxd2 13.Nbxd2 O-O 14.Nc4 Qc7 15.Ng5 Nb6
16.Nd6 f6 17.exf6 gxf6 18.Re1 Qd8 19.Nxh7 Kxh7 20.Qh5+ Kg8 21.Re4 {#r} 1-0

[Event "Cup Eger"]
[Site "masterchessopen.com Eger (Hungary)"]
[Round "0"]
[White "Csiszar Csaba (HUN)"]
[Black "Kladiva Imre (HUN)"]
[Result "1-0"]
[WhiteElo "2390"]
[BlackElo "2014"]

1.d4 Nf6 2.c4 e6 3.Nf3 Bb4+ 4.Bd2 Qe7 5.g3 d5 6.Bg2 Nbd7 7.O-O O-O 8.Bg5 h6
9.Bxf6 Nxf6 10.a3 Ba5 11.b4 Bxb4 12.axb4 Qxb4 13.Nbd2 c5 14.Rb1 Qa3 15.Rb3 Qa6
16.dxc5 dxc4 17.Rc3 Bd7 18.Ne5 Rfd8 19.Ndxc4 Bb5 20.Qc2 Rd4 21.Ra3 Bxc4
22.Rxa6 Bxa6 23.c6 Rc8 24.Qb2 {#r} 1-0

[Event "It (active)"]
[Site "masterchessopen.com Eupen (Belgium)"]
[Round "6"]
[White "Skulener Wladimir (GER)"]
[Black "Brueggemann Joachim (GER)"]
[Result "1-0"]
[WhiteElo "2363"]
[BlackElo "2290"]

1.d4 Nf6 2.c4 e6 3.Nf3 Bb4+ 4.Nbd2 c5 5.a3 Bxd2+ 6.Bxd2 cxd4 7.Nxd4 Qb6 8.Nb5
a6 9.Be3 Qc6 10.Nd6+ Ke7 11.b4 b6 12.c5 Ng4 13.Bd4 e5 14.e4 exd4 15.Qxg4 bxc5
16.e5 cxb4 17.Qg5+ f6 18.Qxg7+ Ke6 19.Qxf6+ Kd5 20.Bc4+ Kc5 21.Rc1 Kb6 22.O-O
{#r} 1-0

[Event "It (open)"]
[Site "masterchessopen.com Hafnarfjordur (Iceland)"]
[Round "3"]
[White "Riemersma Liafbern (NED)"]
[Black "Bjarnason Saevar (ISL)"]
[Result "1-0"]
[WhiteElo "2415"]
[BlackElo "2295"]

1.d4 Nf6 2.c4 e6 3.Nf3 Bb4+ 4.Nbd2 b6 5.a3 Bxd2+ 6.Bxd2 h6 7.g3 Bb7 8.Bg2 O-O
9.O-O d6 10.d5 exd5 11.Nh4 Qc8 12.Bc3 Ne4 13.Rc1 c5 14.Bxe4 dxe4 15.Qxd6 Re8
16.Qf4 Qe6 17.Nf5 g5 18.Qc7 Qxf5 19.Qxb7 Nd7 20.Rcd1 Nf8 21.f4 g4 22.Qc6 Ng6
23.Rd5 Qc8 24.Qf6 {#r} 1-0

[Event "It (open)"]
[Site "masterchessopen.com Ikaria (Greece)"]
[Round "2"]
[White "Grivas Efstratios (GRE)"]
[Black "Papandreou Nikolaos (GRE)"]
[Result "1-0"]
[WhiteElo "2495"]
[BlackElo "2056"]

1.d4 Nf6 2.c4 e6 3.Nf3 Bb4+ 4.Nbd2 b6 5.a3 Be7 6.e4 d5 7.e5 Ne4 8.Bd3 Bb7
9.O-O Nd7 10.cxd5 exd5 11.Re1 Ng5 12.Nxg5 Bxg5 13.Qg4 O-O 14.Nf3 Bxc1 15.Raxc1
Re8 16.Bxh7+ Kxh7 17.Ng5+ Kg8 18.Qh5 Bc8 19.Qxf7+ Kh8 20.Qh5+ Kg8 21.Qh7+ Kf8
22.Qh8+ {#r} 1-0

[Event "It (open) \"]
[Site "masterchessopen.com Leipzig (Germany)"]
[Round "7"]
[White "Zadlo Michael (GER)"]
[Black "Schroeder Werner (GER)"]
[Result "0-1"]
[WhiteElo "2069"]
[BlackElo "1797"]

1.d4 Nf6 2.c4 e6 3.Nf3 Bb4+ 4.Bd2 Qe7 5.a3 Bxd2+ 6.Nbxd2 d5 7.e3 O-O 8.Bd3
Nbd7 9.O-O c6 10.Qc2 h6 11.Rac1 e5 12.dxe5 Nxe5 13.Nxe5 Qxe5 14.Nf3 Qd6
15.Rfd1 Bg4 16.cxd5 Bxf3 17.dxc6 Bxd1 18.Qxd1 Qc7 19.cxb7 Qxb7 {#R} 0-1

[Event "Ch City"]
[Site "masterchessopen.com Madrid (Spain)"]
[Round "9"]
[White "Barraza Caracel Ignacio (ESP)"]
[Black "Del Rio Angelis Salvador G (ESP)"]
[Result "0-1"]
[WhiteElo "2209"]
[BlackElo "2365"]

1.d4 e6 2.c4 Nf6 3.Nf3 Bb4+ 4.Bd2 Qe7 5.Nc3 O-O 6.Qc2 d5 7.e3 b6 8.cxd5 exd5
9.Bd3 c5 10.dxc5 bxc5 11.O-O Bg4 12.a3 Bxc3 13.Bxc3 Bxf3 14.gxf3 Nc6 15.Bxf6
Qxf6 16.f4 c4 17.Bxh7+ Kh8 18.Bf5 Rab8 19.Rab1 Rb3 20.Rfd1 Ne7 21.Bh3 Rfb8
22.e4 {#R} 0-1

[Event "It (open)"]
[Site "masterchessopen.com Moscow (Russia)"]
[Round "5"]
[White "Mitenkov Alexey (RUS)"]
[Black "Driamin Dmitry (RUS)"]
[Result "1-0"]
[WhiteElo "2430"]
[BlackElo "2429"]

1.d4 Nf6 2.c4 e6 3.Nf3 Bb4+ 4.Bd2 Bxd2+ 5.Qxd2 d6 6.Nc3 O-O 7.g3 Qe7 8.Bg2 e5
9.O-O e4 10.Ng5 e3 11.Qxe3 Qxe3 12.fxe3 h6 13.Nge4 Nxe4 14.Bxe4 Re8 15.Bd5
Rxe3 16.Bxf7+ {#r} 1-0

[Event "It (open)"]
[Site "masterchessopen.com Moscow (Russia)"]
[Round "1"]
[White "Rashkovsky Nukhim N (RUS)"]
[Black "Kremenietsky Anatoly M (RUS)"]
[Result "1-0"]
[WhiteElo "2560"]
[BlackElo "2340"]

1.d4 Nf6 2.c4 e6 3.Nf3 Bb4+ 4.Bd2 Qe7 5.g3 Nc6 6.Bg2 Bxd2+ 7.Nbxd2 a5 8.O-O d6
9.a3 a4 10.Nb1 Bd7 11.Nc3 Na5 12.Nd2 O-O 13.e4 e5 14.d5 b6 15.Qc2 Nb3 16.Na2
Nc5 17.Nb4 Rfc8 18.f4 c6 19.fxe5 dxe5 20.Rae1 Ne8 21.Kh1 Nb3 22.dxc6 {#r} 1-0

[Event "It (open)"]
[Site "masterchessopen.com Moscow (Russia)"]
[Round "4"]
[White "Smougalev Gennady (RUS)"]
[Black "Moizhess Igor (RUS)"]
[Result "1-0"]
[WhiteElo "2223"]
[BlackElo "2445"]

1.d4 Nf6 2.c4 e6 3.Nf3 Bb4+ 4.Nbd2 d5 5.e3 O-O 6.a3 Be7 7.Bd3 b6 8.e4 Bb7
9.Qe2 Nbd7 10.O-O c5 11.cxd5 exd5 12.e5 Ne8 13.e6 fxe6 14.Qxe6+ Kh8 15.Re1 Bf6
16.Qh3 {#r} 1-0

[Event "It (open) \"]
[Site "masterchessopen.com Pardubice (Czech Republic)"]
[Round "7"]
[White "Buturin Vladimir (UKR)"]
[Black "Mokry Karel (CZE)"]
[Result "1-0"]
[WhiteElo "2430"]
[BlackElo "2505"]

1.d4 Nf6 2.Nf3 e6 3.c4 Bb4+ 4.Bd2 c5 5.Bxb4 cxb4 6.g3 O-O 7.Bg2 d6 8.O-O Nc6
9.Nbd2 e5 10.d5 Ne7 11.Ne1 a5 12.a3 bxa3 13.Rxa3 b5 14.Nc2 Qb6 15.cxb5 Qxb5
16.e4 Bd7 17.b3 Qc5 18.Nc4 a4 19.N2e3 Bb5 20.Qa1 Bxc4 21.Nxc4 Rab8 22.Rxa4
Rxb3 23.Rc1 Rfb8 24.Nd2 {#r} 1-0

[Event "Ch Iceland"]
[Site "masterchessopen.com Reykjavik (Iceland)"]
[Round "7"]
[White "Hjartarson Johann (ISL)"]
[Black "Vidarsson Jon G (ISL)"]
[Result "1-0"]
[WhiteElo "2570"]
[BlackElo "2325"]

1.d4 Nf6 2.c4 e6 3.Nf3 Bb4+ 4.Nbd2 O-O 5.a3 Be7 6.e4 d5 7.e5 Nfd7 8.cxd5 exd5
9.Bd3 c5 10.O-O Nc6 11.Re1 c4 12.Bc2 b5 13.Nf1 Nb6 14.Ng3 Bg4 15.Bxh7+ Kxh7
16.Ng5+ Bxg5 17.Qxg4 Bxc1 18.Raxc1 Rh8 19.Nf5 g6 20.Rc3 Kg8 21.e6 Qc7 22.Rg3
Rc8 23.exf7+ Qxf7 24.Nd6 {#r} 1-0

[Event "It (open)"]
[Site "masterchessopen.com Toronto (Canada)"]
[Round "3"]
[White "Palacios Bobby (CAN)"]
[Black "Spraggett Kevin (CAN)"]
[Result "0-1"]
[WhiteElo "2195"]
[BlackElo "2530"]

1.d4 Nf6 2.c4 e6 3.Nf3 Bb4+ 4.Bd2 a5 5.g3 d6 6.Bg2 Nbd7 7.O-O e5 8.Nc3 O-O
9.Qc2 c6 10.Bg5 exd4 11.Nxd4 h6 12.Bf4 Ne5 13.Na4 Ng6 14.Bc1 Re8 15.h3 Bd7
16.a3 Bc5 17.Nxc5 dxc5 18.Nb3 Qc8 19.Nxc5 Bxh3 20.Ne4 Nxe4 21.Bxe4 Qe6 22.Bg2
Nh4 23.f4 Bxg2 24.f5 Qxe2 {#R} 0-1

[Event "It (open)"]
[Site "masterchessopen.com Barcelona (Spain)"]
[Round "1"]
[White "Diaz Fernandez Ivan (ESP)"]
[Black "Narciso Dublan Marc (ESP)"]
[Result "0-1"]
[WhiteElo "2249"]
[BlackElo "2470"]

1.d4 Nf6 2.Nf3 e6 3.c4 Bb4+ 4.Bd2 c5 5.dxc5 Bxc5 6.Nc3 O-O 7.e3 Nc6 8.Be2 d5
9.cxd5 exd5 10.O-O a6 11.Bc1 Re8 12.b3 Bd6 13.Bb2 Bc7 14.Ba3 Bg4 15.Rc1 Qd7
16.Nd4 Nxd4 17.Qxd4 h5 18.Rfd1 Be5 19.Qd3 Rad8 20.Bxg4 Qxg4 21.h3 Qh4 22.Qf5
d4 23.exd4 Bxd4 24.g3 Qxg3+ {#R} 0-1

[Event "It (open)"]
[Site "masterchessopen.com Bern (Switzerland)"]
[Round "3"]
[White "Begovac Franja (CRO)"]
[Black "Dell'Agosti Alain (SUI)"]
[Result "1-0"]
[WhiteElo "2430"]
[BlackElo "2200"]

1.d4 e6 2.c4 Nf6 3.Nf3 Bb4+ 4.Nbd2 O-O 5.a3 Bxd2+ 6.Bxd2 Ne4 7.g3 d6 8.Bg2 f5
9.O-O Qe7 10.Be3 Nd7 11.Nd2 Nef6 12.Bg5 e5 13.dxe5 dxe5 14.e4 f4 15.gxf4 exf4
16.Bxf4 Nxe4 17.Bxc7 Nxf2 18.Qe1 Qc5 19.Rxf2 Rxf2 20.Qxf2 Qxc7 21.Bd5+ Kh8
22.Re1 Nf6 23.Re8+ {#r} 1-0